Wymień 14 najlepszych strzelców w historii piłki nożnej - Statystyki

Ogólne statystyki
  • Ten quiz został rozwiązany 757 razy
  • Średni wynik to 5 z 14
Statystyki odpowiedzi
Hint Odpowiedź % Poprawnych
828 goli RONALDO SIU
99%
787 goli Messi
98%
756 goli Pele
88%
612 goli Lewandowski
85%
712 goli Puskas
38%
765 goli Romario
22%
620 goli Eusebio
21%
727 goli Gerd Mueller
18%
791 goli Josef Bican
5%
636 goli Bambrick
1%
666 goli Deak
1%
826 goli Helmchen
1%
647 goli Jimmy Jones
1%
684 gole Lenstra
1%
Nie znaleziono quizów pasujących do podanych kryteriów
Rozkład punktacji
Procent ludzi z każdym wynikiem
Percentyl według liczby udzielonych odpowiedzi
Twoja historia wyników
Nie rozwiązałeś tego quizu